Eastern Utah Libraries Catalog: Duchesne, Heber, Roosevelt, & Vernal

A Charlie Brown Thanksgiving (Record no. 105588)

MARC details
000 -LEADER
fixed length control field 05745cgm a2201057Ia 4500
001 - CONTROL NUMBER
control field ocn244251676
003 - CONTROL NUMBER IDENTIFIER
control field OCoLC
005 - DATE AND TIME OF LATEST TRANSACTION
control field 20241220135508.0
007 - PHYSICAL DESCRIPTION FIXED FIELD--GENERAL INFORMATION
fixed length control field vd cvaizm
008 - FIXED-LENGTH DATA ELEMENTS--GENERAL INFORMATION
fixed length control field 080821p20081973cau025 j vaeng d
020 ## - INTERNATIONAL STANDARD BOOK NUMBER
International Standard Book Number 1419869256
020 ## - INTERNATIONAL STANDARD BOOK NUMBER
International Standard Book Number 9781419869259
024 10 - OTHER STANDARD IDENTIFIER
Standard number or code 883929006489
028 42 - PUBLISHER NUMBER
Publisher number 1000036495
Source Warner Home Video
029 1# - (OCLC)
OCLC library identifier AU@
System control number 000045470984
035 ## - SYSTEM CONTROL NUMBER
System control number (OCoLC)244251676
Canceled/invalid control number (OCoLC)732818032
-- (OCoLC)732827304
037 ## - SOURCE OF ACQUISITION
Source of stock number/acquisition Midwest Tape
Note http://www.midwesttapes.com
040 ## - CATALOGING SOURCE
Original cataloging agency TEFMT
Language of cataloging eng
Transcribing agency TEFMT
Modifying agency TEF
-- RCS
-- IHI
-- Q2Z
-- GK8
-- OCLCQ
-- VP@
-- OCLCQ
-- O2H
-- OCLCA
-- RS$
-- MNW
-- OCLCQ
-- AZZPT
-- BDX
-- JO6
-- TXI
-- GK8
-- OCLCQ
-- OCLCO
-- UINTA
Description conventions
041 1# - LANGUAGE CODE
Language code of text/sound track or separate title eng
-- jpn
-- por
Language code of original and/or intermediate translations of text eng
049 ## - LOCAL HOLDINGS (OCLC)
Holding library UCLB
050 #4 - LIBRARY OF CONGRESS CALL NUMBER
Classification number PN1992.77
Item number .C43 2008
082 04 - DEWEY DECIMAL CLASSIFICATION NUMBER
Classification number 791.45/72
Edition number 22
092 ## - LOCALLY ASSIGNED DEWEY CALL NUMBER (OCLC)
Classification number 791.457
245 02 - TITLE STATEMENT
Title A Charlie Brown Thanksgiving
250 ## - EDITION STATEMENT
Edition statement Remastered deluxe ed.
257 ## - COUNTRY OF PRODUCING ENTITY FOR ARCHIVAL FILMS
Country of producing entity United States.
260 ## - PUBLICATION, DISTRIBUTION, ETC. (IMPRINT)
Place of publication, distribution, etc Burbank, CA :
Name of publisher, distributor, etc Warner Home Video,
Date of publication, distribution, etc 2008.
264 ## - Production, Publication, Distribution, Manufacture, and Copyright Notice.
Place of production, publication, distribution, manufacture Burbank, CA :
Name of producer, publisher, distributor, manufacturer in cooperation with United Feature Syndicate, Inc., Charles M. Schulz Creative Associates ; written and created by Charles M. Schulz ; directed by Bill Melendez and Phil Roman ; produced by Lee Mendelson and Bill Melendez.
Date of production, publication, distribution, manufacture, or copyr 2008
300 ## - PHYSICAL DESCRIPTION
Extent 1 videodisc (25 min.) :
Other physical details sd., col. ;
Dimensions 4 3/4 in.
500 ## - GENERAL NOTE
General note Originally broadcast as a television special in 1973.
500 ## - GENERAL NOTE
General note Special features: Bonus story, The Mayflower Voyagers; plus all new featurette: Popcorn & Jellybeans: making of a Thanksgiving classic; and trailers.
500 ## - GENERAL NOTE
General note "The Mayflower voyagers" first telecast in 1988 as no. 4 of the series This is America, Charlie Brown.
505 00 - FORMATTED CONTENTS NOTE
Title A Charlie Brown Thanksgiving
Miscellaneous information (25 min.) --
Title The Mayflower Voyagers
Miscellaneous information (24 min.) --
Title Popcorn & jellybeans : making of a Thanksgiving classic.
508 ## - CREATION/PRODUCTION CREDITS NOTE
Creation/production credits note Charlie Brown Thanksgiving: Music composed and performed by Vince Guaraldi ; music supervision, John Scott Trotter ; edited by Bob Gillis, Chuck McCann, Rudy Zamora. The Mayflower voyagers: written by Charles M. Schulz and Lee Mendelson ; music, Ed Bogas ; directed by Evert Brown.
511 0# - PARTICIPANT OR PERFORMER NOTE
Participant or performer note Charlie Brown Thanksgiving: Todd Barbee, Robin Kohn, Stephen Shea, Hilary Momberger, Christopher DeFaria, Jimmy Ahrens, Robin Reed. The Mayflower voyagers: Erin Chase, Frank Welker, Brandon Stewart, Gregg Berger, Brittany Thornton, Chris Collins, Erica Gayle, Tani Powers, Jason Mendelson, Sean Mendelson, Bill Melendez.
520 ## - SUMMARY, ETC.
Summary, etc In "A Charlie Brown Thanksgiving," Peppermint Patty and friends show up at Charlie Brown's on Thanksgiving unexpectedly, Chuck, with the help of Linus, Snoopy, and Woodstock, shows them the true meaning of Thanksgiving.
520 ## - SUMMARY, ETC.
Summary, etc In "The Mayflower Voyagers", Charlie Brown and his friends show us what the voyage of the Mayflower would have been like and how the colonists settled into their new land.
521 8# - TARGET AUDIENCE NOTE
Target audience note Not rated.
538 ## - SYSTEM DETAILS NOTE
System details note DVD, region 1, full screen presentation; Dolby Digital, mono.
546 ## - LANGUAGE NOTE
Language note English, Japanese, and Portuguese language tracks, with optional English, Chinese, Japanese, Korean, Portuguese, & Thai subtitles. English captions for the deaf and hard of hearing.
610 20 - SUBJECT ADDED ENTRY--CORPORATE NAME
Corporate name or jurisdiction name as entry element Mayflower (Ship)
Form subdivision Juvenile films.
9 (RLIN) 6261388
610 21 - SUBJECT ADDED ENTRY--CORPORATE NAME
Corporate name or jurisdiction name as entry element Mayflower (Ship)
Form subdivision Drama.
9 (RLIN) 6261390
650 #0 - SUBJECT ADDED ENTRY--TOPICAL TERM
Topical term or geographic name as entry element Brown, Charlie (Fictitious character)
Form subdivision Juvenile films.
9 (RLIN) 5702515
650 #0 - SUBJECT ADDED ENTRY--TOPICAL TERM
Topical term or geographic name as entry element Snoopy (Fictitious character)
Form subdivision Juvenile films.
9 (RLIN) 5702516
650 #0 - SUBJECT ADDED ENTRY--TOPICAL TERM
Topical term or geographic name as entry element Thanksgiving Day
Form subdivision Juvenile films.
9 (RLIN) 5806787
650 #0 - SUBJECT ADDED ENTRY--TOPICAL TERM
Topical term or geographic name as entry element Pilgrims (New Plymouth Colony)
Form subdivision Juvenile films.
9 (RLIN) 5806786
650 #1 - SUBJECT ADDED ENTRY--TOPICAL TERM
Topical term or geographic name as entry element Brown, Charlie (Fictitious character)
Form subdivision Drama.
9 (RLIN) 6384429
650 #1 - SUBJECT ADDED ENTRY--TOPICAL TERM
Topical term or geographic name as entry element Thanksgiving Day
Form subdivision Drama.
9 (RLIN) 5703014
650 #1 - SUBJECT ADDED ENTRY--TOPICAL TERM
Topical term or geographic name as entry element Pilgrims (New Plymouth Colony)
Form subdivision Drama.
9 (RLIN) 6481242
655 #7 - INDEX TERM--GENRE/FORM
Genre/form data or focus term Animated television programs.
Source of term gsafd
9 (RLIN) 6261392
655 #7 - INDEX TERM--GENRE/FORM
Genre/form data or focus term Television specials.
Source of term lcgft
9 (RLIN) 5723094
655 #7 - INDEX TERM--GENRE/FORM
Genre/form data or focus term Animated television programs.
Source of term lcgft
9 (RLIN) 6261392
655 #7 - INDEX TERM--GENRE/FORM
Genre/form data or focus term Video recordings for the hearing impaired.
Source of term lcgft
9 (RLIN) 6261393
655 #7 - INDEX TERM--GENRE/FORM
Genre/form data or focus term Children's television programs.
Source of term lcgft
9 (RLIN) 6261394
655 #7 - INDEX TERM--GENRE/FORM
Genre/form data or focus term Fiction television programs.
Source of term lcgft
9 (RLIN) 5673656
700 1# - ADDED ENTRY--PERSONAL NAME
Personal name Schulz, Charles M.
Fuller form of name (Charles Monroe),
Dates associated with a name 1922-2000.
Relator code aus
9 (RLIN) 6261395
700 1# - ADDED ENTRY--PERSONAL NAME
Personal name Melendez, Bill.
Relator code drt
9 (RLIN) 66096
700 1# - ADDED ENTRY--PERSONAL NAME
Personal name Roman, Phil,
Dates associated with a name 1930-
Relator code drt
9 (RLIN) 40255
700 1# - ADDED ENTRY--PERSONAL NAME
Personal name Mendelson, Lee.
Relator code pro
9 (RLIN) 8001
700 1# - ADDED ENTRY--PERSONAL NAME
Personal name Melendez, Bill.
Relator code pro
-- act
9 (RLIN) 66096
700 1# - ADDED ENTRY--PERSONAL NAME
Personal name Barbee, Todd.
Relator code act
9 (RLIN) 6261396
700 1# - ADDED ENTRY--PERSONAL NAME
Personal name Kohn, Robin.
Relator code act
9 (RLIN) 6261397
700 1# - ADDED ENTRY--PERSONAL NAME
Personal name Shea, Stephen.
Relator code act
9 (RLIN) 6261398
700 1# - ADDED ENTRY--PERSONAL NAME
Personal name Momberger, Hilary.
Relator code act
9 (RLIN) 6261399
700 1# - ADDED ENTRY--PERSONAL NAME
Personal name DeFaria, Christopher,
Dates associated with a name 1959-
Relator code act
9 (RLIN) 6261400
700 1# - ADDED ENTRY--PERSONAL NAME
Personal name Ahrens, Jimmy.
Relator code act
9 (RLIN) 6261401
700 1# - ADDED ENTRY--PERSONAL NAME
Personal name Reed, Robin.
Relator code act
9 (RLIN) 6261402
700 1# - ADDED ENTRY--PERSONAL NAME
Personal name Guaraldi, Vince.
Relator code cmp
-- prf
9 (RLIN) 17481
700 1# - ADDED ENTRY--PERSONAL NAME
Personal name Trotter, John Scott.
Relator code msd
9 (RLIN) 6240033
700 1# - ADDED ENTRY--PERSONAL NAME
Personal name Gillis, Bob.
Relator code flm
9 (RLIN) 6261403
700 1# - ADDED ENTRY--PERSONAL NAME
Personal name McCann, Chuck.
Relator code flm
9 (RLIN) 5884303
700 1# - ADDED ENTRY--PERSONAL NAME
Personal name Zamora, Rudy.
Relator code flm
9 (RLIN) 6261404
700 1# - ADDED ENTRY--PERSONAL NAME
Personal name Brown, Evert.
Relator code drt
9 (RLIN) 66811
700 1# - ADDED ENTRY--PERSONAL NAME
Personal name Chase, Erin.
Relator code act
9 (RLIN) 5894628
700 1# - ADDED ENTRY--PERSONAL NAME
Personal name Welker, Frank.
Relator code act
9 (RLIN) 68649
700 1# - ADDED ENTRY--PERSONAL NAME
Personal name Stewart, Brandon.
Relator code act
9 (RLIN) 6261405
700 1# - ADDED ENTRY--PERSONAL NAME
Personal name Berger, Gregg,
Dates associated with a name 1950-
Relator code act
9 (RLIN) 5696317
700 1# - ADDED ENTRY--PERSONAL NAME
Personal name Thornton, Brittany.
Relator code act
9 (RLIN) 6261406
700 1# - ADDED ENTRY--PERSONAL NAME
Personal name Collins, Chris.
Relator code act
9 (RLIN) 6261407
700 1# - ADDED ENTRY--PERSONAL NAME
Personal name Gayle, Erica.
Relator code act
9 (RLIN) 6261408
700 1# - ADDED ENTRY--PERSONAL NAME
Personal name Powers, Tani.
Relator code act
9 (RLIN) 6261409
700 1# - ADDED ENTRY--PERSONAL NAME
Personal name Mendelson, Jason.
Relator code act
9 (RLIN) 6261410
700 1# - ADDED ENTRY--PERSONAL NAME
Personal name Mendelson, Sean.
Relator code act
9 (RLIN) 6261411
700 1# - ADDED ENTRY--PERSONAL NAME
Personal name Bogas, Edward.
Relator code cmp
9 (RLIN) 6240034
710 2# - ADDED ENTRY--CORPORATE NAME
Corporate name or jurisdiction name as entry element United Feature Syndicate.
9 (RLIN) 66097
710 2# - ADDED ENTRY--CORPORATE NAME
Corporate name or jurisdiction name as entry element Warner Home Video (Firm)
9 (RLIN) 61103
740 02 - ADDED ENTRY--UNCONTROLLED RELATED/ANALYTICAL TITLE
Uncontrolled related/analytical title This is America, Charlie Brown.
740 02 - ADDED ENTRY--UNCONTROLLED RELATED/ANALYTICAL TITLE
Uncontrolled related/analytical title Mayflower voyagers.
740 02 - ADDED ENTRY--UNCONTROLLED RELATED/ANALYTICAL TITLE
Uncontrolled related/analytical title Popcorn & jellybeans.
942 ## - ADDED ENTRY ELEMENTS (KOHA)
Koha item type DVD
Source of classification or shelving scheme Dewey Decimal Classification
Holdings
Withdrawn status Lost status Source of classification or shelving scheme Damaged status Not for loan Collection code Home library Current library Shelving location Date acquired Source of acquisition Total Checkouts Total Renewals Full call number Barcode Date last seen Date checked out Cost, replacement price Price effective from Koha item type
    Dewey Decimal Classification     Children Movies Wasatch County Library Wasatch County Library Audio Visual Area 03/29/2022 Amazon 17 22 E DVD Pea 34301001825274 12/22/2025 11/25/2025 22.44 03/29/2022 DVD
This project was made possible through a grant from the Institute of Museum and Library Service administered by the Utah State Library Division.

Wasatch County Library

  • 465 East 1200 South, Heber City, Utah 84032
  • Phone 435-654-1511 | Fax 435-654-6456

Hours

  • Monday - Friday 9:30 AM - 8:00 PM
  • Saturday 9:30 AM - 1:30 PM
  • Closed Sundays and Holidays